000 01068nam a2200301 c 4500
999 _c150334
_d150334
003 BLK
005 20220601103415.0
008 180410b bul|||||r ||||||| ||bul||
010 _aKNG00156655000
040 _aBLK
041 _aBUL
_cBUL
080 _aАржентинска литература
_b821.134.2(82)
_x-31
_z821.134.2(82)-31
100 1 _aГуиралдес, Рикардо
_eпърви автор
_957052
139 _aГуиралдес, Рикардо
245 1 0 _aДон Сегундо Сомбра
_bРоман
_cРикардо Гуиралдес; прев. от исп. Дора Попова.
257 _aARG
260 _aСофия
_bНар. култура
_c1966
300 _a216 с.
_c20 см
380 _aX
500 _aАвт. не е даден на кор.
700 1 _aПопова, Дора
_eпрев. от исп.
_9365127
852 _aЦб 38306
_bЦб
856 4 _qpdf
856 4 _qpdf
942 _cKNG
_n0
_s1
944 _aCR
_c27.09.2016
_kПравда_Бадева
944 _aED
_c2022-06-01
_kСТ
999 _d150334